Marketing para instituciones educativas : Guía para planificar la captación y retención de alumnos / Juan Manuel Manes (Registro nro. 42710)
[ vista simple ]
| 000 -LÍDER | |
|---|---|
| Campo fijo de descripción fija | 008990000a22002050004500 |
| 020 ## - NÚMERO INTERNACIONAL NORMALIZADO PARA LIBROS | |
| Número Internacional Normalizado del libro | 950-641-450-5 |
| 041 0# - CÓDIGO DE IDIOMA | |
| Código de idioma para texto/pista de sonido o título separado | |
| 082 04 - NÚMERO DE CLASIFICACIÓN DECIMAL DEWEY | |
| Número de clasificación | G 371.2 M274m |
| 001 - NÚMERO DE CONTROL | |
| Campo de control | 13766 |
| 100 1# - ASIENTO PRINCIPAL--NOMBRE PERSONAL | |
| Nombre personal | Manes, Juan Manuel |
| 245 10 - TÍTULO | |
| Título del Material | Marketing para instituciones educativas : Guía para planificar la captación y retención de alumnos / Juan Manuel Manes |
| 250 ## - MENCIÓN DE EDICIÓN | |
| Mención de edición | 2 ed. corregida y aumentada |
| 260 ## - PUBLICACIÓN, DISTRIBUCIÓN, ETC. (PIE DE IMPRENTA) | |
| Lugar de publicación, distribución, etc. | Buenos Aires : Granica |
| 300 ## - DESCRIPCIÓN FÍSICA | |
| Extensión | 135 Pág. |
| 336 ## - CONTENT TYPE | |
| Content type term | texto |
| Content type code | txt |
| Source | rdacontent |
| 337 ## - MEDIA TYPE | |
| Source | rdamedia |
| Media type term | sin mediación |
| Media type code | n |
| 338 ## - CARRIER TYPE | |
| Source | rdacarrier |
| Carrier type term | volumen |
| Carrier type code | nc |
| 505 00 - NOTA DE CONTENIDO | |
| Nota de contenido con formato preestablecido | - Ética y marketing de la institución educativa - Mitos y realidades de una ciencia inexacta - Los veinte errores más comunes en marketing educativo - Cómo crear e implementar un plan de marketing - Mercados educativos y bases de datos - Exalumnos: un mercado olvidado - Estrategias promocionales ... |
| 942 ## - TIPO DE MATERIAL (KOHA) | |
| Tipo de Item KOHA | Libros General |
| Estado de Material | Estado de Perdido | Estado de Dañado | No para Préstamo | Colección | Tomo | Biblioteca de Origen | Biblioteca Permanente | Fecha de Adquisición | Total de Préstamos | Signatura Topográfica | Código de Barras | Última vez visto | Ejemplar/Existencia | Fecha de Remplazo | Tipo de Material |
|---|---|---|---|---|---|---|---|---|---|---|---|---|---|---|---|
| Colección General | Biblioteca FUSBC | Biblioteca FUSBC | 22/05/2006 | G 371.2 M274m | 16019 | 12/12/2019 | 1 | 26/01/2016 | Libros General |
